01860cam a2200385 i 450000100090000000300050000900500170001400800410003101000170007202000180008902500230010703700610013004000230019104200100021404300210022405000240024508200140026910000460028324500760032926400720040530000520047733600260052933700280055533800270058350504120061065000390102265100440106165100400110565100380114565100380118371000850122194200230130699900190132995201260134819108979NUST20221216172507.0160526s2016 pk ab b 000 0deng  a 2016349370 a9789698535360 aP-E-2016349370; 34 bLibrary of Congress -- Islamabad Overseas OfficecRs 800 aDLCbengcDLCerda alcode aa-cc---aa-pk---00aHC427.95b.J38 2016 a355.4,JAV1 aJaved, Syed Hasan,d1955-eauthor.98128210aRise of China and the Asian century /cAmbassador (R) Syed Hasan Javed. 1aIslamabad :bNational University of Sciences and Technology,c2016. a200 pages :bcolor illustrations, maps ;c23 cm atextbtxt2rdacontent aunmediatedbn2rdamedia avolumebnc2rdacarrier aDawn of the Asian Century (Page-1), The Rise of the Peoples Republic of China (Page-15), Development Experience of China (Page-39), Sino-Pakistan Friendship (Page-87), China and Pakistan: Two Countries-One Dream (Page-103), One-Belt, One-Road (Yi dai Yi lu) China Pakistan Economic Corridor (CPEC) (Page-117), Preparing the Pakistan Civil Service (Page-127), Re- Collections from China Memories (Page-141).  0aEconomic developmentzChina.95068 0aChinaxEconomic conditionsy2000-95069 0aChinaxEconomic policyy2000-95070 0aPakistanxRelationszChina.95071 0aChinaxRelationszPakistan.950722 aNational University of Sciences and Technology (Islāmābād, Pakistan)94252 2ddccBKk355.4,JAV c592722d592722 00102ddc4070aMCSbMCScGENd2022-12-16l0o355.4,JAVpMCS38087r2022-12-16w2022-12-16yBKzAlmirah No.50, Shelf No.3